Регионална библиотека "Любен Каравелов" - Русе

Надеждата (Запис номер 186016)

MARC детайли
000 -Лидер
Контролно поле с фиксирана дължина 01364nam a2200325 c 4500
003 - Код на организацията, давaща контролен номер
Контролно поле BLK
005 - Дата и час на последна редакция
Контролно поле 20180422115441.0
008 - Елементи от данни с фиксирана дължина
fixed length control field 180411b bul|||||r ||||||| ||bul||
010 ## - Наследен системен номер
LC control number KNG00195010000
040 ## - Източник на каталожния запис
Идентификатор на билиотеката - собственик на записа BLK
041 ## - Код за език
Код за езика на текст/звукозапис или на отделно заглавие Български
Код за езика КДБФ Български
080 ## - УДК
Текстов определител УДК Френска литература
УДК код - определител по УДК 821.133.1
УДК определител -31
УДК - код + определител 821.133.1-31
100 1# - Редна дума - Автор
Автор Малро, Андре
Авторска отговорност първи автор
R(LIN) 91724
139 ## - Редно поле
Редна дума Малро, Андре
Авторски знак Малк - М 23
245 10 - Сведения за заглавието
Заглавие Надеждата
Подзаглавни данни Роман
Редно поле (дума) Андре Малро; прев. от фр. Пенка Пройкова; прев. от фр. Венелин Пройков; с предг. от Богомил Нонев.
257 ## - Страна на издаване
Страна на създаване/издаване Франция
260 ## - Област на издателските данни
-- София
Име на издателя, разпространителя и проч. Нар. култура
Година на издаване 1981
300 ## - Физическа характеристика
Страници 468 с.
Илюстрации и др. 1 л. портр.
Размери/Мащаб 21 см
380 ## - Жанр
Жанр Худож. лит.
490 1# - СЕРИИ (Колекции)
Име на серия Библиотека Избрани романи
№: серия 9
500 ## - Общи забележки
Забележка Ориг. загл. L`espoir. - Авт. не е отбелязан на кор. - 50 125 тир.
700 1# - Други автори (авторска отговорност)
Лично име Пройкова, Пенка
Автороска отговорност (Описва отношението между автора и произведението) прев. от фр.
9 (RLIN) 368596
700 1# - Други автори (авторска отговорност)
Лично име Пройков, Венелин
Автороска отговорност (Описва отношението между автора и произведението) прев. от фр.
9 (RLIN) 383964
700 1# - Други автори (авторска отговорност)
Лично име Нонев, Богомил
Автороска отговорност (Описва отношението между автора и произведението) с предг. от
9 (RLIN) 369779
852 ## - Местоположение
Форматна сигнатура Цб 113814
856 4# - Електронен адрес и достъп
Електронен формат pdf - файл
Път до файла /url/
856 4# - Електронен адрес и достъп
Електронен формат pdf - файл
Път до файла /url/
942 ## - АРТИКУЛИ
Вид на библиотечния материал Книги
Скрит в OPAC Не
944 ## - СЪЗДАВАНЕ И РЕДАКЦИЯ на ЗАПИСА
Създаване/Редакция Създаване
Дата на регистрацията/редакция 02.11.2016
Служител, извършил регистрацията/редакцията Станимира_Цанева
944 ## - СЪЗДАВАНЕ И РЕДАКЦИЯ на ЗАПИСА
Създаване/Редакция Редакция
Дата на регистрацията/редакция 14.03.2018
Служител, извършил регистрацията/редакцията Симона_Петрова
999 ## - СИСТЕМНИ КОНТРОЛНИ НОМЕРА
Koha biblionumber 186016
Koha biblioitemnumber 186016
Наличности
Код за отписване Код за изгубен артикул Източник на класификационната схема Код за повреда Коз за рестрикции Код за отдаване Артикулен № Име на библиотеката - собственик Име на библиотеката, в която се намира в момента Статус (Текущо местоположение) Дата на вписване в системата Местоположение - отдел Цена в лева Инвентарен номер Систематично азбучна сигнатура Баркод Номер на екземпляра Цена в евро Служебна бележка Служебен тип на артикула Бележка за публиката
  Не е изгубен Universal Decimal Classification Не е повреден без рестрикции ползва се в читалня 323279 Регионална библиотека "Любен Каравелов" Русе Регионална библиотека "Любен Каравелов" Русе Хранилище 1981-01-01 Хранилище 3.80 348743 Цб 113814 120000348743 1 1.94 N: стар фонд Дата: 01.01.1981 Книги  
Изтеглен Не е изгубен Universal Decimal Classification Не е повреден без рестрикции заемане за дома 323280 Регионална библиотека "Любен Каравелов" Русе Регионална библиотека "Любен Каравелов" Русе Заемна - подръчен фонд 1981-01-01 Заемна - подръчен фонд 3.80 348344 П 840-31/М 23 348344 2 1.94 N: стар фонд Дата: 01.01.1981 Книги  
Изтеглен Не е изгубен Universal Decimal Classification Не е повреден без рестрикции заемане за дома 323281 Регионална библиотека "Любен Каравелов" Русе Регионална библиотека "Любен Каравелов" Русе Заемна - подръчен фонд 1981-01-01 Заемна - подръчен фонд 3.80 348348 П 840-31/М 23 348348 3 1.94 N: стар фонд Дата: 01.01.1981 Книги  
Изтеглен Не е изгубен   Не е повреден без рестрикции заемане за дома 323282 Регионална библиотека "Любен Каравелов" Русе Регионална библиотека "Любен Каравелов" Русе   1981-01-01 Заемна - подръчен фонд 3.80 348350 П 840-31/М 23 348350 4 1.94 N: стар фонд Дата: 01.01.1981 Книги Отч.N: 3 , Дата: 17.01.2018
Изтеглен Не е изгубен Universal Decimal Classification Не е повреден без рестрикции заемане за дома 323283 Регионална библиотека "Любен Каравелов" Русе Регионална библиотека "Любен Каравелов" Русе Заемна - подръчен фонд 1981-01-01 Заемна - подръчен фонд 3.80 623570 П 840-31/М 23 623570 5 1.94 N: стар фонд Дата: 01.01.1981 Дата инв: 12.02.2018 Бележки инв: П2018 Книги  
Vip Innovations Ltd, Rousse, Bulgaria 2025